Personnalités de HA à HZ # 7 - Statistiques

Statistiques générales
  • Ce quiz a été pris 116 fois
  • Le résultat moyen est 9 sur 22
Statistiques - réponses
Indices Initiales Réponses % Correct
Roi de France de 1574 à 1589 HI Henri III
87%
Acteur australien jouant Wolverine dans la franchise cinématographique X-Men HJ Hugh Jackman
73%
Gardien de but international ayant débuté à Nice et évoluant depuis 2012 à Tottenham Hotspur. HL Hugo Lloris
73%
Artiste populaire, on lui doit de nombreuses chansons qui restent dans les mémoires : Syracuse, Maladie d'amour, Le lion est mort ce soir... HS Henri Salvador
71%
Producteur américain de cinéma ayant cessé d'exercer, après avoir été accusé d'être l'auteur de viols et d'agressions sexuelles HW Harvey Weinstein
69%
Compositeur de musique de film allemand, naturalisé américain ( Le Roi lion, Gladiator, The dark knight ... ) HZ Hans Zimmer
60%
Homme politique nazi et militaire allemand, maître absolu de la SS, mort par suicide en 1945. HH Heinrich Himmler
57%
Chef cuisinière membre du jury de l'émission Top Chef HD Hélène Darroze
57%
Compositeur de la Symphonie fantastique en 1830 HB Hector Berlioz
51%
Journaliste sportif et présentateur du Canal Football Club depuis 2008. HM Hervé Mathoux
49%
Actrice et chanteuse belge, demi-sœur cadette de Lio. HN Helena Noguerra
38%
Célèbre géologue et volcanologue d'origine russe ( 1914-1998 ) HT Haroun Tazieff
33%
Auteur de bande dessinée italien. Son œuvre la plus connue est Corto Maltese. HP Hugo Pratt
32%
Grand couturier qui donne son nom à une maison de couture en 1952 et à une maison de parfums. HG Hubert de Givenchy
31%
Artiste connu pour ses reprises en français des chansons de Bob Dylan HA Hugues Aufray
29%
Réalisateur des films : Le Salaire de la peur et Les Diaboliques HC Henri-Georges Clouzot
24%
Peintre considéré comme un représentant majeur de l'art naïf. HR Henri Rousseau ( Le Douanier Rousseau)
23%
Syndicaliste secrétaire général de la Confédération générale du travail de 1982 à 1992. HK Henri Krasucki
15%
Député socialiste des Landes, plusieurs fois secrétaire d'État sous la présidence de Mitterrand et président de l'Assemblée nationale entre 1992 et 1993. HE Henri Emmanuelli
14%
Acteur qui formait avec Michèle Morgan un des couples les plus mythiques du cinéma français des années 1950. HV Henri Vidal
7%
Membre du parti radical-socialiste, plusieurs fois ministre sous la Troisième République, il fut trois fois président du Conseil sous la Quatrième République. HQ Henri Queuille
5%
Ingénieur civil des mines considéré comme l'un des pionniers de la gestion d'entreprise et l'un des précurseurs du management. HF Henri Fayol
2%
Aucun quiz correspondant
Distribution des résultats
% des personnes avec chaque résultat
Percentile par nombre de réponses
Votre historique - résultats
Vous n’avez pas pris ce quiz